000
00234 a2200097 4500
001
13358
100
_a
Carlyle, M
245
_a
documente on international affairs
260
_a
London
_b
Oxford university press
_c
090
_c
10374
_d
10374
942
_a
NUST-CAE
_c
M
_c
419
999
_c
248431
_d
248431